Movies Quiz

Random Movies or Oscar Quiz

Oscar-Nominated Songs Of The 1980s Quiz Stats

 Plays Quiz not verified by Sporcle

Challenge
Share
Tweet
Embed
Score 0/48 Timer 10:00
0 Plays Today
% Correct
Footloose
89.7%
Nine To Five
88.9%
Arthur
88.9%
Rocky III
88.9%
Ghostbusters
88.9%
Dirty Dancing
88%
Flashdance
87.2%
Top Gun
86.3%
Flashdance
85.5%
For Your Eyes Only
83.8%
Cry Freedom
82.9%
Against All Odds
81.2%
The Little Mermaid
81.2%
An Officer And A Gentleman
79.5%
Endless Love
79.5%
The Little Mermaid
78.6%
White Nights
77.8%
Back To The Future
76.9%
Footloose
75.2%
White Nights
74.4%
Little Shop Of Horrors
74.4%
The Woman In Red
70.1%
The Color Purple
70.1%
Fame
69.2%
% Correct
An American Tail
69.2%
Fame
66.7%
Yentl
65.8%
Mannequin
65.8%
Working Girl
61.5%
Beverly Hills Cop II
60.7%
The Karate Kid Part II
59.8%
The Princess Bride
53%
Tootsie
51.3%
Yentl
47%
Shirley Valentine
40.2%
Parenthood
40.2%
Honeysuckle Rose
38.5%
Buster
38.5%
Tender Mercies
32.5%
Chances Are
30.8%
Ragtime
27.4%
Bagdad Café
25.6%
A Chorus Line
23.1%
The Competition
21.4%
The Great Muppet Caper
18.8%
That's Life
17.1%
Yes, Giorgio
15.4%
Best Friends
14.5%

You're not logged in!

Compare scores with friends on all Sporcle quizzes.
Join for Free
OR
Log In

You Might Also Like...

Show Comments

Extras

Top Quizzes Today


Score Distribution

Your Account Isn't Verified!

In order to create a playlist on Sporcle, you need to verify the email address you used during registration. Go to your Sporcle Settings to finish the process.

Report this User

Report this user for behavior that violates our Community Guidelines.

Details: